Missing Word: Classic Movies Quiz Stats

Quiz Updated Oct 3, 2016

Challenge
Share
Tweet
Embed
Score 0/20 Timer 04:00
3 Plays Today
1930s Movie Missing Word % Correct
The ___ of OzWizard
99.4%
The Adventures of Robin ___Hood
98.8%
Snow White and the ___ DwarfsSeven
98.4%
The Adventures of ___ HolmesSherlock
98.4%
___ KongKing
98.1%
___ with the WindGone
97.7%
A Tale of ___ CitiesTwo
96.1%
___ CopperfieldDavid
90.3%
Wuthering ___Heights
89.8%
A ___ at the RacesDay
86.9%
1930s Movie Missing Word % Correct
All Quiet on the ___ FrontWestern
86.1%
Island of ___ SoulsLost
85.1%
It ___ One NightHappened
77.4%
You Can't ___ It with YouTake
76.5%
Tarzan the ___ ManApe
76.4%
Mr. ___ Goes to WashingtonSmith
68.7%
Mutiny on the ___Bounty
65.3%
___ in ToylandBabes
64.1%
Bringing Up ___Baby
60.9%
Destry ___ AgainRides
43.3%

Today's Daily Dose

Missing Word
NPR Programs

Quick Pick
1991 Events

On This Day
June 18th II

You're not logged in!

Compare scores with friends on all Sporcle quizzes.
Join for Free
OR
Log In

You Might Also Like...

Show Comments

Extras

Top Quizzes Today


Score Distribution

Your Account Isn't Verified!

In order to create a playlist on Sporcle, you need to verify the email address you used during registration. Go to your Sporcle Settings to finish the process.

Report this User

Report this user for behavior that violates our Community Guidelines.

Details: